000 00721nam a2200205 i 4500
001 83962
003 ES-MaACL
005 20230906174925.0
007 t|
008 041118s1906 sp |||| | spa d
100 1 _aIranzo Goizueta, Ricardo de.
_965417
245 1 4 _aLas asociaciones profesionales industriales obreras
_b: Trade Unions : (Inglaterra, Estados Unidos) /
_cRicardo de Iranzo Goizueta ; prólogo de Inocencio Jiménez.
250 _a2ª ed.
260 _aZaragoza :
_bMariano Escar,
_c1906.
300 _aXVI, 326 p. ;
_c19 cm.
650 4 _aSindicatos-
_zGran Bretaña.
_9160515
650 0 4 _aSindicatos-
_zEstados Unidos.
_917121
700 1 _aJiménez, Inocencio.
_966409
852 _aES-MaACL
_jF-10764
999 _c83962
_d83962